Izbrannye proizvedeniia : v dvukh tomakh /

Tallennettuna:
Bibliografiset tiedot
Päätekijä: Bednyi, Demian, 1883-1945
Aineistotyyppi: Kirja
Kieli:Russian
Julkaistu: Moskva : Gos. izd-vo khudozh. literatury, 1959.
LEADER 01212nam a2200241 a 4500
001 c000119534
003 CARM
005 20010504122934.0
008 010418s1959 ur c 000 p rusod
019 1 |a 22593116  |5 LACONCORD2021 
035 |a (OCoLC)222935960  |5 LACONCORD2021 
040 |a VU  |b eng  |c VU 
100 1 |a Bednyi, Demian,  |d 1883-1945. 
240 1 0 |a Selections.  |f 1959 
245 1 0 |a Izbrannye proizvedeniia :  |b v dvukh tomakh /  |c Demian Bednyi ; [sostavlenie i podgotovka teksta D.E. Pridvorova]. 
260 |a Moskva :  |b Gos. izd-vo khudozh. literatury,  |c 1959. 
300 |a 2 v. :  |b port. ;  |c 21 cm. 
505 0 |a t. 1 Stikhotvoreniia, basni, skazki ; Pro zemliu, pro voliu, pro rabochuiu doliu ; povest 1908-1917 -- t. 2 Stikhotvoreniia, poemy, feletony, basni, epigrammy, skazy 1917-1945. 
852 8 |b CARM  |h A2:AI38A0  |i B04379  |p 0198321  |f BK 
852 8 |b CARM  |h A2:AI38A0  |i B04379  |p 0198322  |f BK 
999 f f |i dd4c67c9-15ed-55f5-adbd-ce12cccc5807  |s b1bc76b0-aa2d-5d7e-8bd4-4752ab7f101b 
952 f f |p Can circulate  |a CAVAL  |b CAVAL  |c CAVAL  |d CARM 1 Store  |e B04379  |f A2:AI38A0  |h Other scheme  |i book  |j v.2 held  |m 0198322 
952 f f |p Can circulate  |a CAVAL  |b CAVAL  |c CAVAL  |d CARM 1 Store  |e B04379  |f A2:AI38A0  |h Other scheme  |i book  |j v.1 held  |m 0198321